00409nam a2200169Ia 4500008004100000020002100041100002400062245001500086245002400101260001500125260002000140260000900160300001700169300001000186650003500196700000800231160803s9999 xx 000 0 und d a 978-0439135245 aCooney, Caroline B. aFatality / cCaroline B. Cooney. aNew York : bScholastic Inc. c2001 a198 pages ;  c18 cm aDetective and mystery stories. a710